| 000 | 00924nac a22002897a 4500 | ||
|---|---|---|---|
| 001 | BR8501777 | ||
| 003 | BR-BrBNA | ||
| 005 | 20240105120256.0 | ||
| 008 | 230509b bl.|||m| |||| 00| 0 por d | ||
| 040 |
_aBR-BrBNA _bpor _cBiblioteca Nacional de Agricultura |
||
| 072 | _aL72 | ||
| 090 | _a5212 BR8501777 | ||
| 100 | 1 | _aBeck, A.A.H. | |
| 110 | 1 | _aEmpresa Catarinense de Pesquisa Agropecuaria S.A., Florianopolis, SC (Brasil) | |
| 245 | 1 | _aFasciolose bovina [Fasciola hepatica, helminto] | |
| 260 | 3 |
_aFlorianopolis, SC (Brasil): _c1985. |
|
| 300 | _a18 p. | ||
| 490 |
_aBoletim Tecnico - Empresa Catarinense de Pesquisa Agropecuaria S.A. (Brazil) _vno. 33 _xISSN 0100-7416 |
||
| 500 | _a34 ref. | ||
| 650 | _aBOVINO | ||
| 650 | _aFASCIOLA | ||
| 650 | _aPARASITO DE ANIMAL | ||
| 650 | _aANTI-HELMINTICO | ||
| 650 | _aMEDICAMENTO | ||
| 909 |
_a202312 _bLúcia Elande _c55 _dLúcia Elande |
||
| 942 |
_2AGRIS _n0 _cMS |
||
| 999 |
_c278634 _d278634 |
||